Energy from solid waste: Recent developments (Record no. 34634)

MARC details
000 -LEADER
fixed length control field 00325nam a2200121Ia 4500
082 ## - DEWEY DECIMAL CLASSIFICATION NUMBER
Classification number 628.54
Item number DOM
245 #0 - TITLE STATEMENT
Title Energy from solid waste: Recent developments
260 ## - PUBLICATION, DISTRIBUTION, ETC. (IMPRINT)
Place of publication New Jersey
Name of publisher Noyes Data
Year of publication 1979
650 ## - SUBJECT ADDED ENTRY--TOPICAL TERM
Topical Term Energy recovery
700 ## - ADDED ENTRY--PERSONAL NAME
Personal name Domino, Francis
942 ## - ADDED ENTRY ELEMENTS (KOHA)
Koha item type Books
Holdings
Withdrawn status Lost status Damaged status Not for loan Home library Current library Date acquired Cost, normal purchase price Full call number Accession Number Koha item type
        RRII Library RRII Library 16/12/2021 36.00 628.54 DOM 15064 Books